| 000 | 00000nam 2200000za 4500 |
| 001 | 9.816589 |
| 003 | CaOODSP |
| 005 | 20250403105747 |
| 007 | cr ||||||||||| |
| 008 | 160429s1993 onc |o f|0| 0 fre d |
| 020 | |z0-660-15167-7 |
| 040 | |aCaOODSP|bfre |
| 043 | |an-cn--- |
| 086 | 1 |aCS89-523/1993F-PDF |
| 100 | 1 |aLa Novara, Pina, |d1966- |
| 245 | 13|aUn portrait des familles au Canada |h[ressource électronique] : |bprojet des groupes cibles / |cPina La Novara. |
| 260 | |aOttawa : |bStatistique Canada, |c1993. |
| 300 | |a60 p. : |btableaux. |
| 500 | |aPubli. aussi en anglais sous le titre : A portrait of families in Canada: target groups project. |
| 500 | |aÉdition numérisée de l'imprimé [par Statistique Canada]. |
| 500 | |a« Novembre 1993. » |
| 504 | |aComprend des références bibliographiques. |
| 692 | 07|2gccst|aFamille |
| 710 | 2 |aStatistique Canada. |
| 775 | 08|tA portrait of families in Canada |w(CaOODSP)9.816581 |
| 856 | 40|qPDF|s7.15 Mo|uhttps://publications.gc.ca/collections/collection_2016/statcan/CS89-523-1993-fra.pdf |